LEADER 00924nam0-22003131i-450- 001 990001442430403321 005 20040604073827.0 010 $a981-02-3476-7 035 $a000144243 035 $aFED01000144243 035 $a(Aleph)000144243FED01 035 $a000144243 100 $a20020001d--------km-y0itay50------ba 101 0 $aeng 200 1 $aStatistical Physics$eAn introductory course$fDaniel J. Amit, Yosef Verbin$gTranslated from the Hebrew by Rami Tzafriri 210 $aSingapore [etc.]$cWorld Scientific$dc1999 215 $axii, 565 p.$d26 cm 610 0 $aMeccanica statistica 676 $a530.13 700 1$aAmit,$bDaniel J.$044320 702 1$aTzafriri,$bRami 702 1$aVerbin,$bYosef 801 0$aIT$bUNINA$gRICA$2UNIMARC 901 $aBK 912 $a990001442430403321 952 $a21-224F$bD.S.F. 6483$fFI1 959 $aFI1 996 $aStatistical Physics$9374732 997 $aUNINA LEADER 03226nam 22006372 450 001 9910461095903321 005 20151005020622.0 010 $a1-107-23026-8 010 $a1-139-23454-4 010 $a1-280-56902-6 010 $a9786613598622 010 $a1-139-23306-8 010 $a1-139-05946-7 010 $a1-139-23084-0 010 $a1-139-22938-9 010 $a1-139-23383-1 010 $a1-139-23229-0 035 $a(CKB)2670000000159550 035 $a(EBL)862403 035 $a(OCoLC)780425844 035 $a(SSID)ssj0000623340 035 $a(PQKBManifestationID)11375925 035 $a(PQKBTitleCode)TC0000623340 035 $a(PQKBWorkID)10648907 035 $a(PQKB)10789347 035 $a(UkCbUP)CR9781139059466 035 $a(MiAaPQ)EBC862403 035 $a(Au-PeEL)EBL862403 035 $a(CaPaEBR)ebr10539395 035 $a(CaONFJC)MIL359862 035 $a(EXLCZ)992670000000159550 100 $a20141103d2012|||| uy| 0 101 0 $aeng 135 $aur||||||||||| 181 $ctxt$2rdacontent 182 $cc$2rdamedia 183 $acr$2rdacarrier 200 10$aReconsidering John Calvin /$fRandall C. Zachman$b[electronic resource] 210 1$aCambridge :$cCambridge University Press,$d2012. 215 $a1 online resource (viii, 212 pages) $cdigital, PDF file(s) 225 1 $aCurrent issues in theology ;$v9 300 $aTitle from publisher's bibliographic system (viewed on 05 Oct 2015). 311 $a1-107-60177-0 311 $a1-107-01575-8 320 $aIncludes bibliographical references and index. 327 $aThe beauty and terror of the universe: John Calvin and Blaise Pasca -- The bond and critique of all social union: John Calvin and Soren Kierkegaard on the image of God -- The one elect people of God: John Calvin and Karl Barth on the Jews -- The restoration of Israel by Gospel and law: Calvin and Ezra the Scribe -- The comfort and the challenge of love: John Calvin and Soren Kierkegaard -- Hoping for all others, fearing for myself: John Calvin and Julian of Norwich. 330 $aRandall C. Zachman places Calvin in conversation with theologians such as Pascal, Kierkegaard, Ezra the Scribe, Julian of Norwich and Karl Barth, and attends to themes in Calvin's theology which are often overlooked. Zachman draws out Calvin's use of astronomy and great concern to see ourselves in comparison to the immensity of the universe, acknowledging in wonder and awe our nothingness before God. Throughout, Zachman presents a Calvin who seeks a route out of self-deception to self-knowledge, though Kierkegaard shows that it is love, and not judgment, that most deeply reveals us to ourselves. The book discusses Calvin's understanding of the election of the Jews and their relationship to God, and further reconsiders Calvin's understanding of judgment and how the call to love our neighbour is undermined by the formation of alliances. 410 0$aCurrent issues in theology ;$v9. 676 $a230/.42 700 $aZachman$b Randall C.$f1953-$01026675 801 0$bUkCbUP 801 1$bUkCbUP 906 $aBOOK 912 $a9910461095903321 996 $aReconsidering John Calvin$92441712 997 $aUNINA